[Event "IECC CL6-2000.03"]
[Site "IECC email"]
[Date "1999.11.07"]
[Round "?"]
[White "Lind, Anders"]
[Black "Martin, Shane"]
[Result "1-0"]
[WhiteElo "1341"]
[BlackElo "1187"]
[PlyCount "67"]
[EventDate "2000.??.??"]
[EventType "tourn (corr)"]
[EventRounds "4"]
[SourceTitle "Corr 2008"]
[Source "ChessBase"]
[SourceDate "2008.06.24"]
[SourceVersion "1"]
[SourceVersionDate "2008.06.24"]
[SourceQuality "1"]

1. e4 e5 2. Nf3 d6 3. d4 f6 4. Bc4 Qe7 5. 0-0 Be6 6. d5 Bg4 7. Be3 c5 8. dxc6 Nxc6 9. Nbd2 Nh6 10. Qe1 Na5 11. Bd5 Bxf3 12. Nxf3 Qc7 13. c3 Be7 14. Nh4 g5 15. Nf3 Nc4 16. Bc1 Rc8 17. h4 g4 18. Nh2 b5 19. Bxh6 Bf8 20. Nxg4 Bxh6 21. Nxh6 Qg7 22. Nf5 Qg4 23. Bxc4 bxc4 24. Nxd6+ Kd7 25. Nxc8 Rg8 26. g3 Kxc8 27. Kh2 Rd8 28. Rd1 Qe6 29. Rxd8+ Kxd8 30. Qd2+ Qd7 31. Rd1 Qxd2 32. Rxd2+ Ke8 33. Rd6 Ke7 34. Rc6 1-0

[Event "IECC CL6-2000.03"]
[Site "IECC email"]
[Date "1999.11.07"]
[Round "?"]
[White "Martin, Shane"]
[Black "Wittman, Bob"]
[Result "0-1"]
[WhiteElo "1200"]
[BlackElo "1277"]
[PlyCount "46"]
[EventDate "2000.??.??"]
[EventType "tourn (corr)"]
[EventRounds "4"]
[SourceTitle "Corr 2008"]
[Source "ChessBase"]
[SourceDate "2008.06.24"]
[SourceVersion "1"]
[SourceVersionDate "2008.06.24"]
[SourceQuality "1"]

1. e4 e6 2. c4 Nf6 3. d3 Bc5 4. Qf3 Nc6 5. Be3 Nd4 6. Bxd4 Bxd4 7. Nc3 0-0 8. Nge2 Bxc3+ 9. Nxc3 d5 10. 0-0-0 d4 11. Na4 e5 12. h3 Qe7 13. a3 Bd7 14. b3 Bxa4 15. bxa4 Qxa3+ 16. Kd2 Qxa4 17. g4 a5 18. Be2 Qb4+ 19. Kc2 Qc3+ 20. Kb1 Ra6 21. Ka2 Rb6 22. Rb1 Qc2+ 23. Ka1 Qa4# 0-1